Llei 25/2002, de 25 de novembre, de mesures de suport al retorn dels catalans emigrats i llurs descendents, i de segona modificació de la Llei 18/1996 / presentació i edició a cura del lletrat Sr. Ismael E. Pitarch
Descripción Física:
21 p. ; 21 cm
Colección:
Textos legislatius ; 35
Otros Autores:
Pitarch, Ismael E. (Ismael Elies), 1948-
MARC
| LEADER | 00000nam a2200000Ia 4500 | ||
|---|---|---|---|
| 001 | 16039 | ||
| 008 | 160829s2003 xx 000 0 cat d | ||
| 080 | |a FU-40-75 | ||
| 100 | |a Catalunya. Llei de mesures de suport al retorn dels catalans emigrats i llurs descendents, i de segona modificació de la Llei 18/1996 (2002) |9 26908 | ||
| 245 | |a Llei 25/2002, de 25 de novembre, de mesures de suport al retorn dels catalans emigrats i llurs descendents, i de segona modificació de la Llei 18/1996 / presentació i edició a cura del lletrat Sr. Ismael E. Pitarch | ||
| 260 | |a Barcelona : |b Parlament de Catalunya, |c 2003 | ||
| 300 | |a 21 p. ; |c 21 cm | ||
| 490 | |a Textos legislatius ; 35 | ||
| 590 | |a A la portada: Aprovada pel Ple del Parlament (tramitació núm. 202-00133/06) en la sessió núm. 69, del 13 de novembre de 2002 (Diari de Sessions del Parlament de Catalunya, sèrie P, núm.103); Publicada en el Butlletí Oficial del Parlament de Catalunya, núm. 361, del 25 de novembre de 2002; Promulgada el 25 de novembre de 2002 en el Diari Oficial de la Generalitat de Catalunya, núm. 3776, del 5 de desembre de 2002. | ||
| 590 | |a Índex. | ||
| 590 | |a Títol a la coberta: Llei de mesures de suport al retorn dels catalans emigrats i llurs descendents, i de segona modificació de la Llei 18/1996 | ||
| 650 | |a Emigració i immigració |x Dret i legislació |x Catalunya |9 26909 | ||
| 700 | |a Pitarch, Ismael E. |q (Ismael Elies), |d 1948- |e editor |9 36276 | ||
| 710 | 1 | |a Catalunya. |b Parlament |9 11492 | |
| 901 | |a Arxiu | ||
| 942 | |n 1 |2 udc | ||
| 952 | |0 0 |1 0 |4 0 |6 FU4075 |7 1 |9 44203 |a Arxiu |b Arxiu |d 2016-12-01 |l 0 |o FU-40-75 |p 16039 |r 2016-12-01 00:00:00 |w 2016-12-01 |y ARXIU | ||
| 999 | |c 46783 |d 46783 | ||